Statistics for Every Lil Pump Song on the Billboard Hot 100

Click here to take the quiz!

General Stats

  • This quiz has been taken 341 times
    (247 since last reset)
  • The average score is 4 of 9

Answer Stats

#YearSong% Correct
32017Gucci Gang
99%
242018Esskeetit
65%
62018I Love It (Kanye West)
57%
812019Butterfly Doors
35%
722019Be Like Me ft. Lil Wayne
34%
832018Drug Addicts
32%
282018Arms Around You (XXXTentacion) ft. Maluma & Swae Lee
28%
782018Welcome To The Party (Diplo & French Montana) ft. Zhavia Ward
20%
882018Gnarly (Kodak Black)
3%

Score Distribution

Percentile by Number Answered

Percent of People with Each Score

Your Score History

You have not taken this quiz since the last reset